000 00312nam a2200133Ia 4500
005 20251222155119.0
008 251222s9999||||xx |||||||||||||| ||spa||
082 _aSOC.61.1-3
100 _aCUEVA Alfonso
245 0 _aGran diccionario jurídico
250 _a1ra. ed.
264 _bAlfa Editores
942 _cLIB
999 _c38348
_d38348